=LDR 00000nam 2200000 4500 =001 INLIS000000000810595 =005 20260618094545 =035 ##$$a 0010-0626000032 =007 ta =008 260618################g##########0#ara## =082 ##$$a 297.125 =084 ##$$a 297.125 MUH a =100 #$$a Muhammad Fu'ad Abdul Baqi =245 1#$$a Al-Lu’lu’ wal Marjan Fima Ittafaqa ‘Alaihis Syaikhani =250 ##$$a Cet.3 =260 ##$$a Kuwait :$b Jam'iyah Ihya' At turots,$c 2003 =300 ##$$a 511 hlm : $b ilustrasi ; $c 24 cm =600 #4$$a Hadis dan ilmu hadis